000 01285cab a2200313 4500
001 X1644
008 090401t1994 xxu||||| |||| 00| 0 eng d
035 _a(Sirsi) u18354
041 _aeng
245 _aSolihull MBC and The Order of Friars Minor Capuchin
260 _c1994
350 _a0
490 _aPlanning Appeal Decisions
_v(1994) 9 PAD 459-465(7)
520 _aDecision letter 21 March 1994. Permission for change of use of friary buildings refused - building not listed - situated in conservation area - application made for uses within Class B1, C2 and D1 - all 3 recommened for approval - only Class B1 refused - no technical evidence to support Council`s views on specific reasons for refusal - appeal allowed - costs awarded.
650 _aCHANGE OF USE
650 _aCLASS B1
650 _aCONSERVATION AREA
650 _aDOE CIRCULAR 01/1985
650 _aDOE CIRCULAR 08/1993
650 _aLOCAL GOVERNMENT ACT 1972
650 _aPLANNING (LISTED BUILDINGS AND CONSERVATION AREAS) ACT 199
650 _aPLANNING APPEAL
650 _aPPL19
650 _aTOWN AND COUNTRY PLANNING ACT 1990 S78
650 _aTOWN AND COUNTRY PLANNING (USE CLASSES) ORDERS
690 _aPLANNING LAW AND PRACTICE-CASE LAW
942 _n0
948 _c04/03/1997
999 _c12190
_d12190